| 000 | 00765nam a22002057a 4500 | ||
|---|---|---|---|
| 999 |
_c12087 _d12087 |
||
| 003 | AR-CdUCM | ||
| 008 | 190405b ||||| |||| 00| 0 spa d | ||
| 040 |
_aMUNICIPALIDAD PROVINCIAL DEL CUSCO _cBIBLIOTECA MUNICIPAL DEL CUSCO |
||
| 082 |
_a346.058 / _bC78 / 1927 |
||
| 110 |
_aCorte suprema de la república _929770 |
||
| 245 |
_aAnales judiciales de la corte suprema de justicia : _bAño judicial de 1927 / |
||
| 300 |
_a23 tomos ; _c22 cm. |
||
| 505 | _aContenido : Selección judicial -- Sección administrativa -- Indice de alfabeto por materias ... | ||
| 650 |
_aPublicación oficial _929771 |
||
| 650 |
_aAnales _927533 |
||
| 650 |
_aJudiciales _911436 |
||
| 700 |
_aFreundt y Rosell, Alejandro _929772 |
||
| 942 |
_2ddc _cLIBROS |
||
| 945 |
_arah _d05/04/2019 |
||